Nové účtovníctvo podnikateľských subjektov
Salvato in:
| Autore principale: | |
|---|---|
| Altri autori: | , , |
| Natura: | Libro |
| Lingua: | slovacco |
| Pubblicazione: |
Bratislava
Slovenské pedagogické nakladateľstvo
1995
|
| Edizione: | 2. preprac. a dopl. vyd. |
| Soggetti: | |
| Tags: |
Nessun Tag, puoi essere il primo ad aggiungerne!!
|
MARC
| LEADER | 00000nam a2200000 4500 | ||
|---|---|---|---|
| 001 | c011985 | ||
| 005 | 20221128073451.9 | ||
| 020 | |a 80-08-00342-1 | ||
| 041 | 0 | |a slo | |
| 044 | |a SK | ||
| 245 | 1 | 0 | |a Nové účtovníctvo podnikateľských subjektov |c Ondrej Peter ... [a kolektív] |
| 250 | |a 2. preprac. a dopl. vyd. | ||
| 264 | 1 | |a Bratislava |b Slovenské pedagogické nakladateľstvo |c 1995 | |
| 300 | |a 204 s. | ||
| 610 | 2 | 0 | |a účtovníctvo |
| 610 | 2 | 0 | |a osnova účtová |
| 610 | 2 | 0 | |a zásoby |
| 610 | 2 | 0 | |a účty bankové |
| 610 | 2 | 0 | |a papiere cenné |
| 610 | 2 | 0 | |a náklady |
| 610 | 2 | 0 | |a výnosy podnikové |
| 100 | 1 | |a Peter, Ondrej | |
| 700 | 1 | |a Hvoždarová, Jana | |
| 700 | 1 | |a Boušková, Dagmar | |
| 700 | 1 | |a Šlosárová, Anna | |